01571cam a2200265 a 4500003000900000005001700009008004100026040002800067041000800095100003600103245022300139246021200362260005500574300004400629502010200673520026600775530002201041653002801063653003901091653002701130700003801157700003601195700004101231856003301272EG-GiCUC20250223030940.0140310s2013 ua dh f m 000 0 eng d aEG-GiCUCbengcEG-GiCUC0 aeng0 aMarwa Fouad Saad Mohamed Sharaf10aUterine artery and subendometrial blood flow assessment in recurrent unexplained first trimesteric abortion / cMarwa Fouad Saad Mohamed Sharaf ; Supervised Shamel Moustafa Hefny , Hala Fathi Sheba , Ahmed Taher Hashem15aتقييم سريان الدم فى ما تحت بطانه الرحم والشريان الرحمى فى حالات الاجهاض المتكرر غير المبرر فى الاشهر الاولى للحمل aCairo : bMarwa Fouad Saad Mohamed Sharaf , c2013 a161 P. : bcharts , facsimiles ; c25cm aThesis (Ph.D.) - Cairo University - Faculty of Medicine - Department of Gynecology and Obstetrics aUnexplained recurrent miscarriage remains a frustrating problem for the clinician and a distressing condition for the affected couple. Our study was performed at performed Kasr Elaini maternity hospital outpatient clinic in which were classified into two groups aIssued also as CD 4aRecurrent pregancy loss 4aSubendometrial blood flow by VOCAL 4aUterine artery doppler0 aAhmed Taher Hashem , eSupervisor0 aHala Fathi Sheba , eSupervisor0 aShamel Moustafa Hefny , eSupervisor uhttp://172.23.153.220/th.pdf